Państwa które graniczą z.... #2 - Statystyki

Ogólne statystyki
  • Ten quiz został rozwiązany 47 razy
  • Średni wynik to 6 z 7
Statystyki odpowiedzi
Państwa Graniczące odpowiedź % Poprawnych
Brazylia ,Holandia ,Surinam ,Wielka Brytania ,Andora ,Niemcy ,Belgia,Hiszpania ,Szwajcaria ,Włochy ,Monako ,Luksemburg Francja
98%
Rosja ,Litwa ,Estonia ,Białoruś Łotwa
98%
Kanada ,Meksyk Stany Zjednoczone
98%
Libia ,Sudan ,Izrael Egipt
91%
Brazylia ,Boliwia ,Argentyna Paragwaj
89%
Indonezja ,Tajlandia ,Brunei ,Singapur Malezja
82%
Lesotho, Eswatini, Mozambik ,Botswana ,Zimbabwe Republika Południowej Afryki | Rpa
77%
Nie znaleziono quizów pasujących do podanych kryteriów
Rozkład punktacji
Procent ludzi z każdym wynikiem
Percentyl według liczby udzielonych odpowiedzi
Twoja historia wyników
Nie rozwiązałeś tego quizu